عرض عادي
عرض مارك
- الحديث
مدخل مصطلح موضوعي
عدد التسجيلات المستخدمة في: 21
001 - رقم الضبط
- حقل الضبط: 110
003 - معرف رقم الضبط
- حقل الضبط: OSt
005 - تاريخ ووقت أخر عملية
- حقل الضبط: 20110607130600.0
008 - عناصر بيانات ثابتة الطول
- حقل تحكم ثابت الطول: 110607|||a|||||| | ||| d
040 ## - مصدر الفهرسة
- هيئة الفهرسة الأصلية: OSt
- وكالة الكتابة: OSt
150 ## - مدخل-- مصطلح تاريخي
- عنصر مدخل المصطلح الموضوعي او الاسم الجغرافي: الحديث
- تفريع عام: الجرح والتعديل
670 ## - بيانات المصدر موجوده
- الاستشهاد بالمصدر: Work cat.: (OSt)7839: محمد بن عبد الحي بن محمد عبد الحليم الأنصاري، 1264-1304 هـ. 107, الرفع والتكميل في الجرح والتعديل /, [19--
